| 000 | 00896nam a2200277 i 4500 | ||
|---|---|---|---|
| 001 | bg | ||
| 100 | 1 | _aCORMEN, Thomas H. | |
| 245 | 1 | 0 |
_aWprowadzenie do algorytmów / _cThomas H. Cormen, Charles E. Leiserson, Ronald L. Rivest ; z ang. przeł. Krzysztof Diks [et al.]. |
| 246 |
_iTyt. oryg.: _aIntroduction to algorithms |
||
| 250 | _aWyd. 2. | ||
| 260 |
_aWarszawa : _bWydawnictwa Naukowo-Techniczne, _c1998. |
||
| 300 |
_a1117, [1] s. : _brys., wykr. ; _c25 cm. |
||
| 500 | _aOryg. : "Introduction to algorithms" 1994. | ||
| 504 | _aBibliogr. s. 1097-1106. - Indeks. | ||
| 650 | 9 | _aAlgorytmy | |
| 655 | _aPodręczniki | ||
| 700 | 1 | _aLEISERSON, Charles Eric | |
| 700 | 1 | _aRIVEST, Ronald L. | |
| 020 | _a8320423171 | ||
| 040 | _cBPK | ||
| 041 | 1 |
_apl _hen |
|
| 080 | _a510.5:004.421](07) | ||
| 920 | _a83-204-2317-1 | ||
| 942 | _cKS | ||
| 008 | s pl f |000 0 pol | ||
| 999 |
_c35839 _d35839 |
||
| 856 |
_uhttp://koha.tu.koszalin.pl/cgi-bin/koha/opac-detail.pl?biblionumber=35839 _yKatalog online BPK |
||